[Event "IECG CP.1999.Q.00009"]
[Site "IECG email"]
[Date "2000.10.01"]
[Round "?"]
[White "Braun, Ingram H"]
[Black "Ryzycki, Bohdan"]
[Result "1-0"]
[WhiteElo "2004"]
[BlackElo "1942"]
[PlyCount "27"]
[EventDate "2000.10.01"]
[EventType "tourn (corr)"]
[EventRounds "8"]
[EventCountry "RUS"]
[SourceTitle "Corr 2008"]
[Source "ChessBase"]
[SourceDate "2008.06.24"]
[SourceVersion "1"]
[SourceVersionDate "2008.06.24"]
[SourceQuality "1"]

1. d4 e6 2. e4 b6 3. Bd3 c5 4. c3 Bb7 5. Nf3 Nf6 6. Qe2 cxd4 7. cxd4 Nc6 8. a3 Be7 9. 0-0 0-0 10. Nc3 d6 11. h3 Rc8 12. Be3 Na5 13. Nd2 e5 14. d5 1-0

[Event "IECG CP.2000.P.00020"]
[Site "IECG email"]
[Date "2000.10.01"]
[Round "?"]
[White "Fazilleau, Jerome"]
[Black "Ryzycki, Bohdan"]
[Result "1-0"]
[WhiteElo "1300"]
[BlackElo "1941"]
[PlyCount "35"]
[EventDate "2000.10.01"]
[EventType "tourn (corr)"]
[EventRounds "6"]
[EventCountry "PER"]
[SourceTitle "Corr 2008"]
[Source "ChessBase"]
[SourceDate "2008.06.24"]
[SourceVersion "1"]
[SourceVersionDate "2008.06.24"]
[SourceQuality "1"]

1. e4 d5 2. exd5 Nf6 3. d4 Nxd5 4. c4 Nb6 5. Nf3 g6 6. c5 Nd5 7. Bc4 Nc6 8. Nc3 Nxc3 9. bxc3 Bg7 10. 0-0 0-0 11. Re1 Na5 12. Bd3 b6 13. Ba3 Re8 14. Ne5 Bb7 15. Bb5 Qd5 16. Qg4 c6 17. Bd3 Bc8 18. Qf4 1-0

[Event "IECG CP.1999.P.00024"]
[Site "IECG email"]
[Date "1999.10.01"]
[Round "?"]
[White "Ryzycki, Bohdan"]
[Black "Pillars, Patrick"]
[Result "1-0"]
[WhiteElo "1903"]
[BlackElo "800"]
[PlyCount "55"]
[EventDate "1999.10.01"]
[EventType "tourn (corr)"]
[EventRounds "6"]
[EventCountry "NED"]
[SourceTitle "Corr 2008"]
[Source "ChessBase"]
[SourceDate "2008.06.24"]
[SourceVersion "1"]
[SourceVersionDate "2008.06.24"]
[SourceQuality "1"]

1. Nf3 d5 2. e3 Nf6 3. c4 Bg4 4. Qb3 b6 5. Ne5 e6 6. Qa4+ Nbd7 7. cxd5 exd5 8. Nxg4 Nxg4 9. Qxg4 g6 10. Bb5 Bc5 11. 0-0 Qe7 12. Nc3 Qd6 13. d4 Bb4 14. Qxd7+ Qxd7 15. Bxd7+ Kxd7 16. Nxd5 Bd6 17. Bd2 c6 18. Nf6+ Kc7 19. Rac1 c5 20. b4 Rad8 21. bxc5 bxc5 22. Ba5+ Kc6 23. Bxd8 Rxd8 24. dxc5 Be5 25. Ne4 f5 26. Nd6 Bxd6 27. cxd6+ Kxd6 28. Rfd1+ 1-0